000
00317nam a2200121Ia 4500
008
190216s9999||||xx |||||||||||||| ||und||
100
_a
John A Garrty & Peter Gay
245
4
_a
The University History Of The World
260
_b
New Oxford Edition
_c
1978
300
_a
707p
650
_a
World History
942
_c
BK
999
_c
20107
_d
20107